Vista normal Vista MARC

Entrada Personal Name

Número de registros utilizados en: 2

001 - CONTROL NUMBER

  • control field: 7531

003 - CONTROL NUMBER IDENTIFIER

  • control field: OSt

005 - DATE AND TIME OF LATEST TRANSACTION

  • control field: 20200718122340.0

008 - FIXED-LENGTH DATA ELEMENTS

  • fixed length control field: 200718|| aca||aabn | a|a d

040 ## - CATALOGING SOURCE

  • Original cataloging agency: OSt
  • Transcribing agency: OSt

100 ## - HEADING--PERSONAL NAME

  • Personal name: Kendall, Sarita,
  • Dates associated with a name: 1943

670 ## - SOURCE DATA FOUND

  • Source citation: Work cat.: (OSt)3357: Kendall, Sarita, 1943 autora, La campana del arrecife /, ©1992